Largest Empires - Statistics

General Stats
  • This quiz has been taken 60 times
  • The average score is 8 of 15
Answer Stats
Year % of Earth controlled Empire % Correct
1920 26.35% British Empire
100%
1309 17.81% Mongol Empire
95%
1810 10.17% Spanish Empire
95%
1895 16.92% Russian Empire
93%
1920 8.53% French Empire
89%
1900 7.05% United States
73%
1942 5.49% Japanese Empire
71%
1790 10.91% Qing Dynasty
47%
1889 6.19% Brazilian Empire
36%
100 4.82% Eastern Han dynasty
29%
1450 4.82% Ming dynastys
29%
720 8.24% Umayyad Caliphate
27%
750 8.24% Abbasid Caliphate
25%
1310 8.16% Yuan Dynasty
20%
176BC 6.68% Xiongnu Empire
4%
No matching quizzes found
Score Distribution
Percent of People with Each Score
Percentile by Number Answered
Your Score History
You have not taken this quiz